000 00669nam a2200253Ia 4500
003 OSt
005 20220918163934.0
006 a|||||r|||| 00| 0
007 ta
008 220917b |||||||| |||| 00| 0 eng d
020 _a0333778294 (pbk)
024 _a161,610
037 _cTextual
040 _aARTS
_cARTS
_beng
041 _2eng
_aeng
082 _aT0aY, P1
100 _aDemaine Jack Ed.
_916126
245 0 _aSociology of education today
260 _aNew York
_bPalgrave
_c2001
300 _axiii, 259p.
_ccm.
650 _aEDUCATION; SOCIOLOGY
_916127
942 _hT0aY, P1
_cTEXL
_2CC
999 _c122222
_d122222